000 01600nam a2200253 a 4500
003 OSt
005 20210126120656.0
008 180327s2006 dr 000 0 spa d
040 _aDO-SdBNP
_bspa
_cBNPHU
082 4 _a352.48
_bR426p, 2006
_222
110 2 _aRepública Dominicana
_911088
_bOficina Nacional de Presupuesto
240 _a
245 1 0 _aPresupuesto de ingresos y egresos del gobierno central , 2006
260 _aSanto Domingo :
_bOficina Nacional de Presupuesto,
_c2006
300 _a516 p. ;
_c28 cm.
500 _aPublicación oficial
505 2 _a Primera parte : Presupuesto de ingresos y ley de gastos públicos --
_tSegunda parte : Información de los ingresos --
_tInformación de los egresos --
_t Información de la cuenta ahorro inversión financiamiento --
_tTransferencias a instituciones por fuente de financiamiento --
_tTercera parte : Distribución institucional de los egresos presupuestados --
_tPoder Legislativo --
_tPoder Ejecutivo --
_tPoder Judicial --
_tOrganismos especiales --
_tProgramas virtuales --
_tCuarta parte : Transferencias corrientes a organizaciones no gubernamentales (ONG) --
_tProyectos de inversiones públicas financiados con recursos internos y externos clasificados por capítulos, programas, fondos y organismo financiador.
590 _aInventariado, 2021 /VM
650 4 _aPresupuesto
_zRepública Dominicana
_97940
_2
_y2006
650 4 _aHacienda pública
_zRepública Dominicana
_96562
_y2006
650 4 _aGasto público
_zRepública Dominicana
_93033
_v2006
910 _aVMateo /Validado. Control de calidad MFF
942 _2ddc
_cLBS1
999 _c49321
_d49321